| 000 | 00517nam a22001337a 4500 | ||
|---|---|---|---|
| 082 |
_a200 _bSUC/K |
||
| 100 | _aSUCITTO, AJAHN | ||
| 245 | _aKAMMA & THE END OF KAMMA | ||
| 260 |
_aLONDON _bAMARAVATI PUBLICATIONS _c2008 |
||
| 300 | _a167 | ||
| 520 | _aThe book teaches formal meditation practices, the role of devotion, aspects of dependent origination, and the need to establish skilful relationships – kalyānamitta – and the cessation of suffering and stress. | ||
| 650 |
_aRELIGIOUS _zUNITED KINGDOM |
||
| 942 | _cBK | ||
| 999 |
_c5137 _d5137 |
||